| 000 | 01777cam a2200265 4500 | ||
|---|---|---|---|
| 001 | |||
| 008 | 000000n2003 000 0 eng u | ||
| 020 | _a1903202248 | ||
| 035 | _a(Sirsi) u123054 | ||
| 041 | _aeng | ||
| 050 |
_a331.2166 _c18 |
||
| 110 |
_aMirza and Nacey Research _91403 |
||
| 245 |
_aQuantity surveyors performance _ba survey of the fee incomes, costs and profits, staffing levels and performance indicators in professional QS practices |
||
| 260 |
_aFord _bMirza and Nacey Research _c2003 |
||
| 300 |
_a38p. _c30cm |
||
| 350 | _a125 | ||
| 520 | _aReport based on a survey of professional quantity surveying firms undertaken by Mirza and Nacey every six months up to February 2003. Divided into six sections. Survey background includes definitions and the survey methodology and respondent profile. Fee earnings covers the market in context, market share by practice size, quantity surveyors' fee earnings and composition of fee earnings. Section three covers costs and profits for 2002, quantity surveyors' predictions for 2003 and recent trends in costs and profits. Section four sets out performance indicators by fee earnings per head, costs per principal and profits per principal. The fifth section looks at projects and services; fees derived from market sectors, involvment in market sectors and size and contract type of jobs. The final section examines staffing performance; staffing ratios, incremental staffing measures and trends in staffing numbers. The appendix is an explanation of the statistical terms used. | ||
| 650 | _aMARKET SURVEYS | ||
| 650 | _aSALARY SURVEYS | ||
| 650 | _aPROFESSIONAL PRACTICES | ||
| 650 | _aQUANTITY SURVEYING FIRMS | ||
| 650 | _aSTAFF PERFORMANCE | ||
| 690 |
_aQuantity surveying _96263 |
||
| 942 | _n0 | ||
| 999 |
_c102994 _d102994 |
||